Environmental science education (Record no. 29702)

MARC details
000 -LEADER
fixed length control field 00461nam a2200193Ia 4500
020 ## - INTERNATIONAL STANDARD BOOK NUMBER
ISBN 81-207-1880-1
050 ## - CALL MARK
Classification number GF 28 .P36/
100 ## - STATEMENT OF RESPONSIBILITY--MAIN AUTHOR NAME
Personal name Panneerselvam, A.
245 #0 - TITLE STATEMENT
Title Environmental science education
250 ## - EDITION / VOLUME STATEMENT
Edition / Volume statement 2nd ed.
260 ## - PUBLICATION, DISTRIBUTION, ETC. (IMPRINT)
Place of publication New Delhi
260 ## - PUBLICATION, DISTRIBUTION, ETC. (IMPRINT)
Name of publisher Sterling Publisher Pvt.Ltd
260 ## - PUBLICATION, DISTRIBUTION, ETC. (IMPRINT)
Year of publication 2007
300 ## - PHYSICAL DESCRIPTION
Number of Pages 128 p
650 ## - SUBJECT ADDED ENTRY--TOPICAL TERM
Topical Term Education
942 ## - ADDED ENTRY ELEMENTS (KOHA)
Koha item type Books
Holdings
Withdrawn status Lost status Source of classification or shelving scheme Damaged status Not for loan Permanent Location Current Location Date acquired Accession Number Price effective from Koha item type
    Library of Congress Classification     NILE UNIVERSITY OF NIGERIA - MAIN LIBRARY NILE UNIVERSITY OF NIGERIA - MAIN LIBRARY 04/23/2025 0002404 04/23/2025 Books